Statistics for General Geography Knowledge Quiz

Click here to take the quiz!

General Stats

  • This quiz has been taken 52 times
  • The average score is 10 of 20

Answer Stats

HintAnswer% Correct
Westernmost CountryUnited States
92%
Easternmost CountryRussia
88%
Largest landlocked counrtyKazakhstan
86%
Newest CountrySouth Sudan
78%
Only Island To Be Split Between 3 CountriesBorneo
73%
Southernmost CountryChile
73%
Capital Of UzbekistanTashkent
73%
Northernmost CountryDenmark (Greenland)
61%
Largest Metropoitan City (Population)Tokyo
57%
Heighest Country (Avarage)Bhutan
47%
Poorest CountryBurundi
43%
Fatest CountryNauru
43%
Oldest CountrySan Marino
41%
Oldest Major CityDamascus
39%
Richest CountryLiechtenstein
24%
Lowest Country (Avarage)Maldives
24%
Least Populas CapitalNgerulmud
10%
97th Most Populas UN memberBelarus
4%
Hotest CountryBurkina Faso
4%
Largest Metropolitan City (Area)Houston
4%

Score Distribution

Percentile by Number Answered

Percent of People with Each Score

Your Score History

You have not taken this quiz